[Event "HUN-chT2 Maroczy 1213"]
[Site "Hungary"]
[Date "2013.03.24"]
[Round "9"]
[White "Csizmadia, Laszlo"]
[Black "Farago, Sandor"]
[Result "0-1"]
[WhiteElo "2350"]
[BlackElo "2234"]
[PlyCount "72"]
[EventDate "2012.09.16"]
[EventType "team-tourn"]
[EventRounds "11"]
[EventCountry "HUN"]
[SourceTitle "EXT 2014"]
[Source "ChessBase"]
[SourceDate "2013.11.20"]
[SourceVersion "1"]
[SourceVersionDate "2013.11.20"]
[SourceQuality "1"]
[WhiteTeam "Maroczy"]
[BlackTeam "Taban Spartacus"]
[WhiteTeamCountry "HUN"]
[BlackTeamCountry "HUN"]

1. d4 d5 2. c4 c6 3. Nf3 Nf6 4. Nc3 a6 5. cxd5 cxd5 6. g3 Nc6 7. Bg2 Bf5 8. Ne5 Rc8 9. 0-0 e6 10. Bf4 Be7 11. Rc1 0-0 12. a3 Na5 13. b4 Nc4 14. Nxc4 Rxc4 15. Na4 a5 16. Rxc4 dxc4 17. b5 Qd7 18. Nc3 Bxa3 19. Qa4 Bb4 20. Na2 Nd5 21. Bc1 Nb6 22. Qd1 Qxb5 23. e4 Bg6 24. f4 f5 25. exf5 Bxf5 26. Nxb4 axb4 27. Re1 Qd7 28. g4 Bd3 29. Kh1 Nd5 30. Qf3 Nc3 31. Bb2 Qxd4 32. Qxb7 Qf2 33. Bxc3 bxc3 34. Ra1 Qxf4 35. h3 c2 36. Qb2 Rb8 0-1

[Event "HUN-chT2 Maroczy 1213"]
[Site "Hungary"]
[Date "2013.02.17"]
[Round "7"]
[White "Csizmadia, Laszlo"]
[Black "Borsavolgyi, Tamas"]
[Result "1/2-1/2"]
[WhiteElo "2350"]
[BlackElo "2206"]
[PlyCount "59"]
[EventDate "2012.09.16"]
[EventType "team-tourn"]
[EventRounds "11"]
[EventCountry "HUN"]
[SourceTitle "EXT 2014"]
[Source "ChessBase"]
[SourceDate "2013.11.20"]
[SourceVersion "1"]
[SourceVersionDate "2013.11.20"]
[SourceQuality "1"]
[WhiteTeam "Maroczy"]
[BlackTeam "Hajduszoboszlo"]
[WhiteTeamCountry "HUN"]
[BlackTeamCountry "HUN"]

1. d4 Nf6 2. c4 g6 3. Nc3 Bg7 4. e4 d6 5. f4 0-0 6. Nf3 Bg4 7. Be3 Nfd7 8. h3 Bxf3 9. Qxf3 e5 10. dxe5 dxe5 11. f5 Nc6 12. Rd1 Nd4 13. Qf2 h5 14. Be2 Nc2+ 15. Kf1 Nxe3+ 16. Qxe3 c6 17. g4 h4 18. g5 f6 19. Rg1 Qe7 20. Ke1 Rad8 21. gxf6 Rxf6 22. Rxg6 Rxg6 23. fxg6 Nf8 24. Rxd8 Qxd8 25. Qxa7 Bh6 26. Qxb7 Qd2+ 27. Kf1 Qf4+ 28. Ke1 Qd2+ 29. Kf1 Qf4+ 30. Ke1 1/2-1/2

[Event "HUN-chT2 Maroczy 1112"]
[Site "Hungary"]
[Date "2012.05.20"]
[Round "11"]
[White "Lengyel, Ferenc"]
[Black "Csizmadia, Laszlo"]
[Result "1/2-1/2"]
[WhiteElo "2280"]
[BlackElo "2369"]
[PlyCount "118"]
[EventDate "2011.09.25"]
[EventType "team-tourn"]
[EventRounds "11"]
[EventCountry "HUN"]
[SourceTitle "EXT 2013"]
[Source "ChessBase"]
[SourceDate "2012.11.22"]
[SourceVersion "1"]
[SourceVersionDate "2012.11.22"]
[SourceQuality "1"]
[WhiteTeam "Hajduszoboszlo"]
[BlackTeam "Maroczy"]
[WhiteTeamCountry "HUN"]
[BlackTeamCountry "HUN"]

1. d4 d5 2. c4 e6 3. Nc3 c6 4. e3 Nf6 5. Nf3 Nbd7 6. Bd3 dxc4 7. Bxc4 b5 8. Bd3 a6 9. e4 c5 10. e5 cxd4 11. Nxb5 Nxe5 12. Nxe5 axb5 13. Bxb5+ Bd7 14. Nxd7 Qa5+ 15. Bd2 Qxb5 16. Nxf8 Kxf8 17. a4 Qxb2 18. 0-0 Nd5 19. Qe2 Qb7 20. Qe4 Qa7 21. Rfc1 Ke7 22. Rc4 h6 23. Rac1 Rhd8 24. Bb4+ Nxb4 25. Rc7+ Rd7 26. Rxa7 Raxa7 27. Ra1 Rab7 28. h3 Na6 29. Qc6 Nb4 30. Qc5+ Rd6 31. a5 Na6 32. Qa3 Rb4 33. Qd3 Nc5 34. Qa3 Rc4 35. Kh2 d3 36. Rd1 Rc2 37. f3 e5 38. Kh1 Ke6 39. Qb4 d2 40. Kh2 g5 41. Qb1 Rc1 42. Qa2+ Kf6 43. Rxd2 Re6 44. Qb2 Rc4 45. Qb5 Rc1 46. Rd5 Na6 47. Rd7 Rc7 48. Rxc7 Nxc7 49. Qc4 Na6 50. g4 Kg7 51. Kg3 Nb8 52. Qc8 Na6 53. Kf2 Nb4 54. Qc4 Na6 55. Ke3 Rd6 56. Qb5 Kf6 57. Ke4 Rd4+ 58. Ke3 Rd6 59. Ke4 Rd4+ 1/2-1/2

[Event "Budapest-chT1 Lilienthal 1112"]
[Site "Budapest"]
[Date "2012.01.15"]
[Round "6"]
[White "Csizmadia, Laszlo"]
[Black "Bognar, Bence"]
[Result "0-1"]
[WhiteElo "1999"]
[BlackElo "1995"]
[PlyCount "112"]
[EventDate "2011.10.02"]
[EventType "team-tourn"]
[EventRounds "11"]
[EventCountry "HUN"]
[SourceTitle "EXT 2020"]
[Source "ChessBase"]
[SourceDate "2019.10.17"]
[SourceVersion "1"]
[SourceVersionDate "2019.10.17"]
[SourceQuality "1"]
[WhiteTeam "Taban Spartacus II"]
[BlackTeam "Hid Unio"]
[WhiteTeamCountry "HUN"]
[BlackTeamCountry "HUN"]

1. d4 Nf6 2. Nf3 g6 3. g3 Bg7 4. Bg2 d6 5. 0-0 0-0 6. c4 Nbd7 7. Nc3 c5 8. d5 a6 9. a4 Ng4 10. h3 Nge5 11. Nd2 f5 12. f4 Nf7 13. Nf3 Rb8 14. Qd3 Nf6 15. Ra2 Nh5 16. Nh2 Bd4+ 17. Kh1 e5 18. dxe6 Bxe6 19. Nd5 b5 20. axb5 axb5 21. b3 bxc4 22. bxc4 Re8 23. g4 fxg4 24. hxg4 Bxg4 25. Nxg4 Qh4+ 26. Qh3 Ng3+ 27. Kh2 Nxf1+ 28. Bxf1 Qxh3+ 29. Bxh3 Kg7 30. e3 Rb1 31. Rc2 Ba1 32. Nf2 g5 33. Nd3 gxf4 34. N5xf4 Ne5 35. Nxe5 Bxe5 36. Kg2 Ra8 37. Kf3 Raa1 38. Bd2 Rb2 39. Rxb2 Bxb2 40. Ke4 Be5 41. Nd3 Bf6 42. Be1 h5 43. Bg3 Be7 44. Kd5 Rd1 45. Bf5 h4 46. Bxd6 Bxd6 47. Kxd6 h3 48. Kxc5 h2 49. Nf2 Rf1 50. Kb6 Rxf2 51. Be4 Kf6 52. c5 Ke5 53. Bh1 Rf1 54. Bg2 h1Q 55. Bxh1 Rxh1 56. c6 Kd6 0-1

[Event "HUN-chT2 Maroczy 1112"]
[Site "Hungary"]
[Date "2011.09.25"]
[Round "1"]
[White "Csizmadia, Laszlo"]
[Black "Berebora, Ferenc"]
[Result "1/2-1/2"]
[WhiteElo "2369"]
[BlackElo "2407"]
[PlyCount "85"]
[EventDate "2011.09.25"]
[EventType "team-tourn"]
[EventRounds "11"]
[EventCountry "HUN"]
[SourceTitle "EXT 2013"]
[Source "ChessBase"]
[SourceDate "2012.11.22"]
[SourceVersion "1"]
[SourceVersionDate "2012.11.22"]
[SourceQuality "1"]
[WhiteTeam "Maroczy"]
[BlackTeam "Kisujszallas"]
[WhiteTeamCountry "HUN"]
[BlackTeamCountry "HUN"]

1. d4 Nf6 2. c4 g6 3. Nc3 d5 4. cxd5 Nxd5 5. e4 Nxc3 6. bxc3 Bg7 7. Nf3 c5 8. Rb1 0-0 9. Be2 cxd4 10. cxd4 Qa5+ 11. Qd2 Qxd2+ 12. Bxd2 b6 13. Rc1 Bb7 14. d5 Na6 15. Bg5 Rfc8 16. 0-0 Kf8 17. e5 h6 18. Bd2 Nc5 19. d6 exd6 20. exd6 Rd8 21. Bf4 g5 22. Be3 Ne4 23. Rc7 Bd5 24. h4 Nc3 25. Ba6 Bxf3 26. gxf3 Rxd6 27. hxg5 hxg5 28. Rc1 Nd5 29. Rc8+ Rxc8 30. Rxc8+ Ke7 31. Bxg5+ Bf6 32. Bh6 Rd7 33. Bf8+ Ke6 34. Rc4 Ne7 35. Re4+ Kf5 36. Bf1 Rc7 37. Bd3 Kg5 38. Rg4+ Kh5 39. Rf4 Kg5 40. Rg4+ Kh5 41. Rf4 Kg5 42. Rg4+ Kh5 43. Rf4 1/2-1/2